000 00361nam a2200133Ia 4500
005 20251222144743.0
008 251222s9999||||xx |||||||||||||| ||spa||
082 _a657.1/R92/2013
100 _aRueda Peves, Gregorio
245 0 _aNuevo Texto Teórico-Práctico del Plan Contable General Empresarial
250 _a4a.ed.
264 _bEDIGRABER
942 _cLIB
999 _c19023
_d19023